Silueta 5: educación artística visual y plástica, 3er ciclo E.P

Guardado en:
Detalles Bibliográficos
Autores principales: Giménez López, Gloria (Autor), Marín-Baldo Arenas, L (Autor)
Formato: Libro
Lenguaje:español
Publicado: Madrid Bruño 1994
Materias:
Etiquetas: Agregar Etiqueta
Sin Etiquetas, Sea el primero en etiquetar este registro!

MARC

LEADER 00000nam a2200000 a 4500
001 UCP4721
003 CL-VaPUC
008 990813e19940000SP |||||||||||||||||spa|d
082 0 4 |a 372.5  |b GIM  |2 21 
100 |a Giménez López, Gloria  |e author  |9 433547 
700 0 |a Marín-Baldo Arenas, L  |e author  |9 432490 
245 1 0 |a Silueta 5: educación artística visual y plástica, 3er ciclo E.P 
300 |a 94 p 
942 |c BK 
945 |d 19990813 00:00:00  |a rbrito 
260 |a Madrid  |b Bruño  |c 1994 
650 0 |a Educación básica   |9 224933 
650 0 |a Aptitud creadora  |9 307292 
650 0 |a Educación artística  |9 269035 
583 |a last modification  |c 20170828 12:11:52  |k Rodrigo Vera 
999 |c 282622  |d 282620 
952 |0 0  |1 0  |4 0  |6 372_500000000000000_GIM_1994  |7 0  |8 A  |9 324659  |a BIBEDU  |b BIBEDU  |d 2019-11-20  |i 3541215  |o 372.5 GIM 1994  |p 3541215  |r 2019-11-20  |w 2019-11-20  |y BK  |k BME